000 00406nam a2200145 i 4500
001 bg
100 1 _aRIVERS, Wilga M.
245 0 _aA practieal guide to the teaching of English as a second or foreing language /
_cWilga M. Rivers, Mary S. Temperley.
260 _aOxford.
700 1 _aTEMPERLEY, Mary S.
040 _cBPK
041 _apol
942 _cKS
008 s pl f |000 0 pol
999 _c29326
_d29326
856 _uhttp://koha.tu.koszalin.pl/cgi-bin/koha/opac-detail.pl?biblionumber=29326
_yKatalog online BPK